Music Quiz

Random Music or Missing Word Quiz

50 More Hits to Click: 1976 Quiz Stats

Quiz not verified by Sporcle

Challenge
Share
Tweet
Embed
Score 0/50 Timer 05:00
1 Play Today
% Correct
Mamma
90.3%
Years
89.8%
Fall
88.8%
Day
86.3%
Dreams
85.3%
Way
80.5%
Friend
78.5%
Loud
75%
Streets
75%
Love
74.7%
Long
73%
Hush
71.6%
Close
67.9%
Head
66.3%
Crazy
63.7%
Nights
61.7%
Country
61.5%
Mean
60.6%
Drug
56%
Fly
52.3%
Rainy
51.5%
Weekend
48.3%
Walk
44.4%
Kisses
43.9%
Shower
43.4%
% Correct
Vibrations
41.1%
Blood
41%
In
40.7%
Tender
39.3%
Woman
38.7%
Fool
37.7%
Sparrow
36.7%
Real
33.6%
Easy
32.8%
Face
32.7%
Shadows
32.4%
Honey
32.3%
Sophisticated
32.2%
Baby
31.8%
Masquerade
31.2%
Over
28%
More
26.8%
Funk
26.7%
Disco
26.6%
Piece
25.9%
Everybody
22.6%
With
21.2%
Coo
18.8%
Happy
11.6%
Starship
10.1%

You're not logged in!

Compare scores with friends on all Sporcle quizzes.
Sign Up with Email
OR
Log In

You Might Also Like...

Show Comments

Extras

Top Quizzes Today


Score Distribution

Your Account Isn't Verified!

In order to create a playlist on Sporcle, you need to verify the email address you used during registration. Go to your Sporcle Settings to finish the process.

Report this User

Report this user for behavior that violates our Community Guidelines.

Details: